Crónica de una muerte anunciada /

Guardado en:
Autor Principal: García Marquez, Gabriel
Formato: Libro
Publicado: Buenos Aires : Sudamericana, 1981
Edición:2a. ed.
Materias:
Etiquetas: Agregar Etiqueta
Sin Etiquetas, Sea el primero en etiquetar este registro!
LEADER 01066nam a22002895a 4500
001 CEM.cems002750
008 130507s1981##################000#0#####d
005 20260616165649.0
245 1 0 |a Crónica de una muerte anunciada /  |c Gabriel García Marquez 
250 |a 2a. ed. 
260 |a Buenos Aires :  |b Sudamericana,  |c 1981 
300 |a 159 p. 
590 |a 1136.013 
020 |a 9789870700517 
100 1 |a García Marquez, Gabriel 
082 0 4 |a C863.4 
653 |a Literatura 
653 |a Literatura hispanoamericana 
653 |a Novelas 
653 |a Novela colombiana-siglo 20 
653 |a Biblioteca TC 
859 |a CEMS  |b BIB. CEMS - 11 de abril  |h C863.4  |i G165-7a2  |p 16391.91  |t Ej.1 
859 |a CEMS  |b BIB. CEMS - 11 de abril  |h C863.4LS3  |i G165-7a2  |p 18679.95  |t Ej.2 
859 |a CEMS  |b BIB. CEMS - 11 de abril  |h C863.4  |i G165-7a2  |p 22488.04  |t Ej.3 
859 |a CEMS  |b BIB. CEMS - 11 de abril  |h C863.4  |i G165-7a2  |p 26083.11  |t Ej.4 
859 |a CEMS  |b BIB. CEMS - 11 de abril  |h C863.4  |i G165-7a2  |p 27125.15  |t Ej.5 
859 |a CEMS  |b BIB. CEMS - 11 de abril  |h TC  |p 1136.013  |t Ej.6